| 000 | 01300nam a2200361Ia 4500 | ||
|---|---|---|---|
| 001 | ebr10567064 | ||
| 003 | CaPaEBR | ||
| 006 | m u | ||
| 007 | cr cn||||||||| | ||
| 008 | 981218s1999 enk sb 001 0 eng d | ||
| 010 | _z 98061883 | ||
| 020 | _z0761958851 | ||
| 020 | _z076195886X | ||
| 020 | _z9780761958864 | ||
| 020 | _z9781446265666 | ||
| 040 |
_aCaPaEBR _cCaPaEBR |
||
| 035 | _a(OCoLC)608864846 | ||
| 050 | 1 | 4 |
_aHN28 _b.C77 1999eb |
| 082 | 0 | 4 |
_a361.6/1/01 _221 |
| 100 | 1 | _aCulpitt, Ian. | |
| 245 | 1 | 0 |
_aSocial policy and risk _h[electronic resource] / _cIan Culpitt. |
| 246 | 1 | _aSocial policy & risk | |
| 260 |
_aLondon ; _aThousand Oaks, Calif. : _bSage Publications, _c1999. |
||
| 300 | _ax, 180 p. | ||
| 504 | _aIncludes bibliographical references and index. | ||
| 533 |
_aElectronic reproduction. _bPalo Alto, Calif. : _cebrary, _d2011. _nAvailable via World Wide Web. _nAccess may be limited to ebrary affiliated libraries. |
||
| 650 | 0 |
_aSocial policy _xPhilosophy. |
|
| 650 | 0 |
_aPublic welfare _xPhilosophy. |
|
| 650 | 0 |
_aRisk _xSociological aspects. |
|
| 655 | 7 |
_aElectronic books. _2local |
|
| 710 | 2 | _aebrary, Inc. | |
| 856 | 4 | 0 |
_uhttp://site.ebrary.com/lib/rucke/Doc?id=10567064 _zAn electronic book accessible through the World Wide Web; click to view |
| 999 |
_c200473 _d200473 |
||